Fr. Conceicao Rodrigues College of Engineering

Good strategy and bad strategy (Record no. 33556)

MARC details
000 -LEADER
fixed length control field 00309nam a2200145Ia 4500
082 ## - DEWEY DECIMAL CLASSIFICATION NUMBER
Classification number 808.83
Item number RUM
100 ## - MAIN ENTRY--PERSONAL NAME
Personal name Rumelt/Richard
245 ## - TITLE STATEMENT
Title Good strategy and bad strategy
260 ## - PUBLICATION, DISTRIBUTION, ETC.
Name of publisher, distributor, etc. Profile Books
Date of publication, distribution, etc. 2011
366 ## - TRADE AVAILABILITY INFORMATION
Publishers's discount category 20
300 ## - PHYSICAL DESCRIPTION
Extent 322
546 ## - LANGUAGE NOTE
Language note ENGLISH
-- Computers
942 ## - ADDED ENTRY ELEMENTS (KOHA)
Koha item type BOOK
Holdings
Withdrawn status Lost status Damaged status Not for loan Collection Home library Current library Date acquired Source of acquisition Cost, normal purchase price Inventory number Total Checkouts Full call number Barcode Date last seen Date last checked out Cost, replacement price Price effective from Koha item type
        CRC Fr. Agnel's C.Rodrigues College of Engineering AGNEL TECHNICAL COLLEGE LIBRARY 17/03/2023 Dharma Enterprises 316.00 145 dt 23/05/2013 3 808.83 RUM 22654 20/01/2025 17/01/2025 395.00   BOOK